La Gaya Ciencia

Uloženo v:
Podrobná bibliografie
Médium: Kniha
Jazyk:španělština
Vydáno: Madrid SARPE 1984
Vydání:1a. ed
Edice:Los Grandes Pensadores, 63
Témata:
Tagy: Přidat tag
Žádné tagy, Buďte první, kdo vytvoří štítek k tomuto záznamu!

MARC

LEADER 00000cam a2200000 a 4500
001 UCE2304
003 CL-VaPUC
008 140619e19840000sp |||||||||||||||||spa|d
020 |a 8459905691 
082 0 4 |a 147  |b NIE  |2 21 
245 1 3 |a La Gaya Ciencia 
250 |a 1a. ed 
300 |a 217 p 
942 |c BK 
945 |d 20140619 13:53:00  |a dcastane 
260 |a Madrid  |b SARPE  |c 1984 
650 7 |a PANTEISMO  |2 CL-VaPUC  |9 338863 
650 0 |a Filosofía alemana   |9 265002 
650 7 |a FILOSOFOS ALEMANES  |2 CL-VaPUC  |9 574761 
583 |a last modification  |c 20140619 13:53:00  |k Rodrigo Vera 
490 0 |a Los Grandes Pensadores, 63 
999 |c 355942  |d 355940 
952 |0 0  |1 0  |3 erd  |4 0  |6 147_000000000000000_NIE_1984  |7 0  |8 X  |9 462929  |a FDOBUD  |b FDOBUD  |i 5042941  |o 147 NIE 1984  |p 5042941  |r 2019-11-23  |w 2019-11-23  |y BK_X  |z Catalogado en:20140619  |k BUD